Rolling Stone: 10 Worst Songs of the '80s - Statistics

General Stats
  • This quiz has been taken 77 times
  • The average score is 7 of 10
Answer Stats
# Artist Song % Correct
10 Rick Astley Never Gonna Give You Up
86%
2 Europe The Final Countdown
85%
4 Wham! Wake Me Up (Before You Go Go)
76%
7 Bobby McFerrin Don’t Worry Be Happy
75%
8 Toni Basil Mickey
68%
1 Starship We Built This City
68%
5 Men Without Hats The Safety Dance
67%
3 Chris de Burgh Lady in Red
65%
6 Falco Rock Me Amadeus
63%
9 Taco Puttin’ On The Ritz
47%
No matching quizzes found
Score Distribution
Percent of People with Each Score
Percentile by Number Answered
Your Score History
You have not taken this quiz